Banská Bystrica

Zobrazenie: Pohľad na ulicu, ktorá je zľava lemovaná domami. Na domoch sú nápisy "Mototechna", "Medika", "Klobúky". Chodník pred domami je plný ľudí a detí. V pozadí je dom, ktorého podchodom ulica prechádza. V pravom dolnom rohu sú dve ženy, vedľa ktorých vpravo je žel...

Full description

Bibliographic Details
Other Authors: Absolon, Ľudovít, 1909-1988 (Photographer)
Format: Photo
Language:Slovak
PhysicalDescription:1 pohľadnica čiernobiela 11 x 15 cm
Published: [Bratislava] VPL 1967
Subjects:

MARC

LEADER 00000nkm a2200000 a 4500
001 vtls011982304
003 SK-MaSNL
005 20260331212005.0
007 kf bo
008 230706s1967 xo g kuslo
015 |a SNBG1967 
035 |a urn:nbn:sk:snk-km00fcbi 
035 |a urn:nbn:sk:snk-km45ude 
035 |a E6DFD868-9C9D-4DB5-8805-7CEE1A71C322 
040 |a SNK  |b slo  |c SNK  |e AACR2 
041 0 |a slo 
043 |a e-xo--- 
044 |a xo  |c SK 
072 7 |a 913  |x Regionálna geografia  |2 konspekt 
080 |a 913(437.6)  |2 2011 
080 |a 721  |2 2011 
080 |a 711.73  |2 2011 
080 |a (084.121)  |2 2011 
100 1 |a Absolon, Ľudovít,  |d 1909-1988  |4 pht  |9 38194 
245 1 0 |a Banská Bystrica  |h grafika  |c foto Ľudovít Absolon 
260 |a [Bratislava]  |b VPL  |c 1967 
300 |a 1 pohľadnica  |b čiernobiela  |c 11 x 15 cm 
520 8 |a Zobrazenie: Pohľad na ulicu, ktorá je zľava lemovaná domami. Na domoch sú nápisy "Mototechna", "Medika", "Klobúky". Chodník pred domami je plný ľudí a detí. V pozadí je dom, ktorého podchodom ulica prechádza. V pravom dolnom rohu sú dve ženy, vedľa ktorých vpravo je železný plot a vľavo motorka. V ľavom dolnom rohu je odstavený bicykeľ 
650 0 7 |a ulice  |2 SNKPH  |9 2938 
650 0 7 |a budovy  |2 SNKPH  |9 1283 
651 7 |a Banská Bystrica (Slovensko)  |2 SNKPHgeo  |9 22015 
655 7 |a miestne pohľadnice  |2 SNKPH  |9 70510 
852 |a Slovenská národná knižnica 
958 |a GC 
958 |a OND 
958 |a GBN 
999 |c 1123813  |d 1125743 
952 |a SNK  |b SNK  |y PREZ  |7 0  |p 17A1245843  |o snkSP 38424  |0 0  |1 0  |4 0  |d 2020-07-17  |f 1  |l 0  |r 2026-02-24 18:39:03  |w 2026-02-24